Länderflaggen mit Streifen Teil 1 - Statistiken

Allgemein
  • Dieses Quiz wurde 18 mal gespielt
  • Das Durchschnittsergebnis liegt bei 7 aus 10
Antwortstatistiken
Bildquiz Antwort % Korrekt
Trinidad und Tobago
94%
Botswana
88%
Demokratische Republik Kongo
88%
Tansania
88%
Kap Verde
76%
Namibia
76%
Nauru
65%
St. Kitts und Nevis
65%
Republik Kongo
47%
Salomonen
47%
Keine übereinstimmenden Quizze gefunden
Verteilung der Resultate
Anzahl Personen mit jedem Resultat
Perzentil nach korrekt beantworteten Fragen
Ihre Resultats-Entwicklung
Sie haben dieses Quiz noch nicht gespielt